00322nam a2200121Ia 4500008004100000020000500041082001600046100001400062245003800076260007400114300000700188650000500195140316s9999 xx 000 0 und d a aICARbNAARM aGopalam,A aScience of teaching effectiveness aHyderabadbNational Academy of Agricultural Research Managementc2004 a98 a